| 000 -LEADER |
| fixed length control field |
00309nam a22001217a 4500 |
| 003 - CONTROL NUMBER IDENTIFIER |
| control field |
OSt |
| 008 - FIXED-LENGTH DATA ELEMENTS--GENERAL INFORMATION |
| fixed length control field |
150208b xxu||||| |||| 00| 0 eng d |
| 041 ## - LANGUAGE CODE |
| Language code of text/sound track or separate title |
eng |
| 100 1# - MAIN ENTRY--PERSONAL NAME |
| Personal name |
Petersham, Maud and Miska |
| 245 10 - TITLE STATEMENT |
| Title |
America's Stamps |
| 246 10 - VARYING FORM OF TITLE |
| Title proper/short title |
The Story of One Hundred Years of U.S. Postage Stamps |
| 300 ## - PHYSICAL DESCRIPTION |
| Extent |
0 pages |